Educación para la salud /

Guardado en:
Autor Principal: Vattuone, Lucy F De
Formato: Libro
Publicado: Buenos Aires : El Ateneo, 1982
Edición:3a. ed.
Materias:
Etiquetas: Agregar Etiqueta
Sin Etiquetas, Sea el primero en etiquetar este registro!
LEADER 00952nam a22002775a 4500
001 CEM.cems006468
005 20060214000000.0
008 130507s1982##################000#0#####d
003 CEMS
082 0 4 |a 614 
100 1 |a Vattuone, Lucy F De 
245 1 0 |a Educación para la salud / 
250 |a 3a. ed. 
260 |a Buenos Aires :  |b El Ateneo,  |c 1982 
300 |a 282 p. 
653 |a Agua-contaminacion 
653 |a Aire-contaminacion 
653 |a Alimentos 
653 |a Contaminacion 
653 |a Curanderismo 
859 |a CEMS  |b BIB. CEMS - 11 de abril  |h 614  |i V459a3  |p 11470.82  |t Ej.1 
859 |a CEMS  |b BIB. CEMS - 11 de abril  |h 614  |i V459a3  |p 14701.87  |t Ej.2 
859 |a CEMS  |b BIB. CEMS - 11 de abril  |h 614  |i V459a3  |p 14702.87  |t Ej.3 
859 |a CEMS  |b BIB. CEMS - 11 de abril  |h 614  |i V459a3  |p 14703.87  |t Ej.4 
859 |a CEMS  |b BIB. CEMS - 11 de abril  |h 614  |i V459a3  |p 14704.87  |t Ej.5 
859 |a CEMS  |b BIB. CEMS - 11 de abril  |h 614  |i V459a3  |p 14705.87  |t Ej.6